Código civil

Gorde:
Xehetasun bibliografikoak
Formatua: Liburua
Hizkuntza:gaztelania
Argitaratua: Santiago LexisNexis 2005
Edizioa:5a. ed
Gaiak:
Etiketak: Etiketa erantsi
Etiketarik gabe, Izan zaitez lehena erregistro honi etiketa jartzen!

MARC

LEADER 00000nam a2200000 a 4500
001 UCK3875
003 CL-VaPUC
008 050513e20050000CL |||||||||||||||||spa|d
020 |a 9562384748 
082 0 4 |a 346.83  |b COD  |2 21 
245 1 0 |a Código civil 
250 |a 5a. ed 
300 |a 1024 p 
942 |c BK 
945 |d 20050513 00:00:00  |a cmena 
260 |a Santiago  |b LexisNexis  |c 2005 
500 |a Incluye: Citas de jurisprudencia. Anotaciones y concordancias. Indice temático 
500 |a Actualizada al 26 de enero de 2005 
650 0 |a Código civil  |9 256135 
650 0 |a Derecho civil chileno  |9 320612 
650 0 |a Derechos humanos  |9 223025 
650 0 |a Derecho de familia  |9 255603 
650 7 |a MATRIMONIO  |2 CL-VaPUC  |9 492227 
650 0 |a Filiación  |9 256647 
650 0 |a Bienes  |9 255749 
650 0 |a Derecho sucesorio  |9 255015 
583 |a last modification  |c 20050513 00:00:00  |k Rodrigo Vera 
999 |c 312925  |d 312923 
952 |0 0  |1 0  |4 0  |6 346_830000000000000_COD_2005  |7 0  |8 R  |9 383801  |a BIBDER  |b BIBDER  |d 2019-11-22  |i 4125835  |o 346.83 COD 2005  |p 4125835  |r 2019-11-22  |w 2019-11-22  |y BK_R  |k DER 
952 |0 0  |1 0  |2 ddc  |4 0  |6 346_830000000000000_COD_2005  |7 0  |8 FOND_LRYV  |9 383802  |a BIBDER  |b BIBDER  |d 2019-11-22  |i 4125843  |o 346.83 COD 2005  |p 4125843  |r 2023-01-25  |w 2019-11-22  |y BK_X  |k DER